Keys on a Piano - Statistics

General Stats
  • This quiz has been taken 266 times
  • The average score is 12 of 12
Answer Stats
Tone % Correct
D
100%
D#
100%
A
99%
A#
99%
F
99%
F#
99%
C
98%
C#
98%
E
98%
G
98%
G#
98%
B
97%
No matching quizzes found
Score Distribution
Percent of People with Each Score
Percentile by Number Answered
Your Score History
You have not taken this quiz